Dôležité je miesto určenia

Príspevok na 2. konferenčnom seminári Obchod Connecting, konanom 14. 4. 2004 v Bratislave. Vstupom Slovenska do EÚ prestali colné orgány plniť úlohy súvisiace s DPH pri vývoze a dovoze v rámci členských štátov EÚ. Nový zákon o DPH - základné pojmy upravené, nové identifikačné čísla pre daň. Novinkou...

ver descrição completa

Na minha lista:
Detalhes bibliográficos
Autor principal: Križanová, Katarína
Outros Autores: Kontúr, Martin
Formato: Capítulo de Livro
Idioma:eslovaco
Assuntos:
Tags: Adicionar Tag
Sem tags, seja o primeiro a adicionar uma tag!

MARC

LEADER 00000naa$a2200000$$$4500
001 0010261
005 20231107125123.9
041 0 |a slo 
044 |a SK 
245 1 0 |a Dôležité je miesto určenia  |c Katarína Križanová, Martin Kontúr 
520 |a Príspevok na 2. konferenčnom seminári Obchod Connecting, konanom 14. 4. 2004 v Bratislave. Vstupom Slovenska do EÚ prestali colné orgány plniť úlohy súvisiace s DPH pri vývoze a dovoze v rámci členských štátov EÚ. Nový zákon o DPH - základné pojmy upravené, nové identifikačné čísla pre daň. Novinkou pri DPH je podávanie súhrnného výkazu. Dovoz a vývoz - ako je to v rámci ES. Trojstranný obchod. 
610 2 0 |a Európska únia 
610 2 0 |a dovoz 
610 2 0 |a vývoz 
610 2 0 |a dane z hodnoty pridanej 
100 1 |a Križanová, Katarína 
700 1 |a Kontúr, Martin